2005 F1 Drivers - Statistics

General Stats
  • This quiz has been taken 293 times
  • The average score is 14 of 20
Answer Stats
Team Driver % Correct
Ferrari Michael Schumacher
100%
Renault Fernando Alonso
99%
Toyota Ralf Schumacher
97%
McLaren Kimi Raikkonen
95%
BAR Jenson Button
86%
Ferrari Rubens Barrichello
85%
Williams Mark Webber
79%
Red Bull David Coulthard
78%
Renault Giancarlo Fisichella
78%
McLaren Juan Pablo Montoya
77%
Sauber Felipe Massa
74%
Toyota Jarno Trulli
73%
Sauber Jacques Villeneuve
61%
BAR Takuma Sato
57%
Williams Nick Heidfeld
55%
Red Bull Christian Klien
49%
Jordan Tiago Monteiro
42%
Jordan Narain Karthikeyan
36%
Minardi Christijan Albers
33%
Minardi Patrick Friesacher
20%
No matching quizzes found
Score Distribution
Percent of People with Each Score
Percentile by Number Answered
Your Score History
You have not taken this quiz